[Event "NSU Open Mesterklassen 2005"]
[Site "Hillerod"]
[Date "2005.01.07"]
[Round "1"]
[White "Damm, Kasper Wilken"]
[Black "Jacobsen, Hans Endrup"]
[Result "0-1"]
[WhiteElo "2233"]
[BlackElo "1881"]
[PlyCount "124"]
[EventDate "2005.??.??"]

1. e4 e6 2. d4 d5 3. Nd2 Nf6 4. e5 Nfd7 5. Bd3 c5 6. c3 Nc6 7. Ne2 cxd4 8. cxd4
f6 9. exf6 Nxf6 10. O-O Bd6 11. f4 Qb6 12. Nf3 O-O 13. Kh1 Bd7 14. Nc3 Nb4 15.
Bb1 Rac8 16. a3 Nc6 17. Qd3 Qa6 18. Qxa6 bxa6 19. Bd3 Na5 20. Bxa6 Rc6 21. Bb5
Rc7 22. Bxd7 Rxd7 23. g3 Nb3 24. Rb1 Rc8 25. Ne5 Rb7 26. Be3 Bxa3 27. bxa3 Rxc3
28. Bd2 Rcc7 29. Bb4 Nxd4 30. Bd6 Rxb1 31. Rxb1 Rc8 32. Bc5 Nc2 33. a4 a6 34.
Rb2 Ne4 35. Rxc2 Rxc5 36. Rb2 h5 37. Rb8+ Kh7 38. Rb6 Ra5 39. Rxe6 Rxa4 40. Nf3
a5 41. Re5 Nf6 42. Ng5+ Kg6 43. Ne6 Ra2 44. Rg5+ Kf7 45. f5 Ne8 46. Rxh5 a4 47.
Ng5+ Ke7 48. Rh4 a3 49. Ra4 Nd6 50. g4 Nb5 51. h4 Rb2 52. Nf3 a2 53. Ng1 Nc3
54. Ra7+ Kf6 55. Ra6+ Ke5 56. h5 Rb1 57. f6 gxf6 58. h6 a1=Q 59. Rxa1 Rxa1 60.
h7 Ra8 61. Nf3+ Kf4 62. Nh4 Kg5 0-1

[Event "NSU Open Mesterklassen 2005"]
[Site "Hillerod"]
[Date "2005.01.07"]
[Round "1"]
[White "Montgomery, Jan ElkjaerFrantsen"]
[Black "Nilsson, Lars Kjoller"]
[Result "0-1"]
[WhiteElo "2038"]
[BlackElo "2013"]
[PlyCount "76"]
[EventDate "2005.??.??"]

1. e4 c5 2. Nf3 Nc6 3. d4 cxd4 4. Nxd4 e5 5. Nxc6 bxc6 6. Bc4 Nf6 7. Qe2 Be7 8.
Nc3 O-O 9. O-O d5 10. Rd1 Qb6 11. exd5 Bg4 12. Qxe5 Bxd1 13. Nxd1 Qc5 14. Ne3
Bd6 15. Qf5 Rfe8 16. Bd3 Re5 17. Qf3 cxd5 18. g3 Ne4 19. Ng4 Re6 20. Be3 Qb4
21. Qf5 Qxb2 22. Rd1 Qxa2 23. f3 Rae8 24. fxe4 dxe4 25. Bb5 Rb8 26. Rf1 Re7 27.
Bd4 Qe6 28. Qg5 Qg6 29. Qd5 Rxb5 30. Qxb5 Qxg4 31. Qd5 Qe6 32. Qa8+ Re8 33.
Qxa7 e3 34. Qa1 e2 35. Re1 Qe4 36. Qc3 Qf5 37. Qc6 Qe6 38. Kf2 Bxg3+ 0-1

[Event "NSU Open Mesterklassen 2005"]
[Site "Hillerod"]
[Date "2005.01.07"]
[Round "1"]
[White "Stockflet, Henrik"]
[Black "Jakobsen, Peter"]
[Result "0-1"]
[WhiteElo "1892"]
[BlackElo "2167"]
[PlyCount "94"]
[EventDate "2005.??.??"]

1. e4 c5 2. Nf3 d6 3. d4 cxd4 4. Nxd4 Nf6 5. Nc3 g6 6. Be3 Bg7 7. f3 O-O 8. Qd2
Nc6 9. Bc4 Bd7 10. O-O-O Qa5 11. Bb3 Rfc8 12. h4 Ne5 13. Kb1 Nc4 14. Bxc4 Rxc4
15. Nb3 Qc7 16. Bd4 Be6 17. g4 a5 18. h5 a4 19. Nc1 Nxe4 20. fxe4 Rxd4 21. Nb5
Rxd2 22. Nxc7 Rxd1 23. Rxd1 Rc8 24. Nxe6 fxe6 25. hxg6 hxg6 26. Nd3 Rf8 27. c4
Rf3 28. c5 Re3 29. cxd6 exd6 30. e5 d5 31. Kc2 Bxe5 32. Nc5 Re2+ 33. Rd2 Rxd2+
34. Kxd2 Kf7 35. Nxa4 b5 36. Nc3 Bxc3+ 37. Kxc3 e5 38. a3 Ke6 39. b3 Kd6 40. g5
d4+ 41. Kd2 e4 42. Ke2 d3+ 43. Kd2 Kc5 44. Ke3 Kd5 45. Kd2 Kd4 46. Kd1 e3 47.
Ke1 Kc3 0-1

[Event "NSU Open Mesterklassen 2005"]
[Site "Hillerod"]
[Date "2005.01.07"]
[Round "1"]
[White "Rhee, Alexander Kasper"]
[Black "Erlandsen, Carsten"]
[Result "1-0"]
[WhiteElo "1892"]
[BlackElo "2071"]
[PlyCount "85"]
[EventDate "2005.??.??"]

1. e4 c5 2. Nf3 d6 3. d4 cxd4 4. Nxd4 Nf6 5. Nc3 a6 6. Bg5 e6 7. f4 Nbd7 8. Bc4
Qc7 9. Bxe6 fxe6 10. Nxe6 Qa5 11. Nxf8 Nxf8 12. Qxd6 Be6 13. O-O-O h6 14. Bxf6
gxf6 15. Nd5 Bxd5 16. exd5 Kf7 17. Rhe1 Qd8 18. Qb4 b5 19. d6 Ra7 20. Qb3+ Kg7
21. Re3 Ng6 22. Rg3 Kh7 23. Qd3 Rg8 24. h4 h5 25. Qf5 Kh6 26. Rd5 Qe8 27. Qxh5+
Kg7 28. Qd1 Kf8 29. d7 Qd8 30. Qd4 Ra8 31. h5 Nh8 32. Re3 Kg7 33. Rg5+ Kh7 34.
Qe4+ Kh6 35. Rxg8 Qxg8 36. Qc6 Rf8 37. d8=Q Rxd8 38. Qxf6+ Ng6 39. Qg5+ Kg7 40.
Qxg6+ Kf8 41. Qf6+ Qf7 42. Qxd8+ Kg7 43. Re7 1-0

[Event "NSU Open Mesterklassen 2005"]
[Site "Hillerod"]
[Date "2005.01.07"]
[Round "1"]
[White "Larsen, Thomas"]
[Black "Erichsen, Dan"]
[Result "1/2-1/2"]
[WhiteElo "1874"]
[BlackElo "2085"]
[PlyCount "49"]
[EventDate "2005.??.??"]

1. e4 e5 2. Nf3 Nc6 3. d4 exd4 4. Nxd4 Nf6 5. Nc3 Bb4 6. Nxc6 bxc6 7. Bd3 d5 8.
exd5 cxd5 9. O-O O-O 10. Bg5 c6 11. a3 Be7 12. Re1 Rb8 13. Rb1 Be6 14. Ne2 Ng4
15. Bxe7 Qxe7 16. Ng3 Qf6 17. Qf3 Qxf3 18. gxf3 Nf6 19. c3 Nd7 20. Nf5 c5 21.
f4 g6 22. Ne7+ Kg7 23. f5 gxf5 24. Nxf5+ Kf6 25. Ng3 1/2-1/2

[Event "NSU Open Mesterklassen 2005"]
[Site "Hillerod"]
[Date "2005.01.08"]
[Round "2"]
[White "Jakobsen, Peter"]
[Black "Rhee, Alexander Kasper"]
[Result "1-0"]
[WhiteElo "2167"]
[BlackElo "1892"]
[PlyCount "53"]
[EventDate "2005.??.??"]

1. c4 Nf6 2. g3 c6 3. Bg2 d5 4. Nf3 e6 5. O-O Be7 6. b3 O-O 7. Bb2 b5 8. d3
bxc4 9. dxc4 Nbd7 10. Nbd2 a5 11. Qc2 c5 12. e4 Ba6 13. exd5 exd5 14. Rfe1 Rc8
15. cxd5 Nxd5 16. Nc4 Nb4 17. Qe2 Bf6 18. Rad1 Bxb2 19. Qxb2 Bxc4 20. bxc4 Qc7
21. Re7 Rcd8 22. Qd2 a4 23. a3 Nd3 24. Qxd3 Ne5 25. Rxc7 Rxd3 26. Rxd3 Nxd3 27.
Bf1 1-0

[Event "NSU Open Mesterklassen 2005"]
[Site "Hillerod"]
[Date "2005.01.08"]
[Round "2"]
[White "Stockflet, Henrik"]
[Black "Larsen, Thomas"]
[Result "1/2-1/2"]
[WhiteElo "1892"]
[BlackElo "1874"]
[PlyCount "52"]
[EventDate "2005.??.??"]

1. e4 e6 2. d4 d5 3. Nc3 Bb4 4. e5 c5 5. a3 Bxc3+ 6. bxc3 Ne7 7. Bd3 O-O 8. Qg4
f5 9. exf6 Rxf6 10. Bg5 Rf7 11. Qh4 g6 12. Nf3 Nbc6 13. O-O Qa5 14. Rfe1 Bd7
15. Bxe7 Rxe7 16. Ne5 Rae8 17. Ng4 Rf8 18. Nf6+ Rxf6 19. Qxf6 Qxc3 20. Rab1 Rf7
21. Qh4 c4 22. Bxg6 hxg6 23. Qh6 Qxd4 24. Qxg6+ Rg7 25. Qh5 b6 26. Rxe6 Bxe6
1/2-1/2

[Event "NSU Open Mesterklassen 2005"]
[Site "Hillerod"]
[Date "2005.01.08"]
[Round "2"]
[White "Montgomery, Jan ElkjaerFrantsen"]
[Black "Damm, Kasper Wilken"]
[Result "0-1"]
[WhiteElo "2038"]
[BlackElo "2233"]
[PlyCount "96"]
[EventDate "2005.??.??"]

1. e4 c5 2. Nf3 Nc6 3. Bc4 g6 4. d3 Bg7 5. c3 e6 6. O-O Nge7 7. Re1 O-O 8. Bg5
d6 9. a4 Qc7 10. Nbd2 Rb8 11. Nf1 a6 12. Rc1 b5 13. axb5 axb5 14. Bb3 b4 15. d4
bxc3 16. bxc3 Na5 17. Ba4 Nc4 18. Bb3 Nb2 19. Qc2 Rxb3 20. Qxb3 Nd3 21. Rcd1
Nxe1 22. Rxe1 Nc6 23. Qc4 Na5 24. Qd3 Bb7 25. N1d2 Ra8 26. Qe3 Ba6 27. Bh6 Bh8
28. e5 d5 29. Qf4 Bd3 30. Re3 c4 31. h4 Nc6 32. Ng5 Nd8 33. Ngf3 Ra3 34. Bg5
Rxc3 35. Bf6 Bxf6 36. Qxf6 Nc6 37. h5 Qe7 38. Qf4 Ra3 39. Ng5 gxh5 40. Nde4
Ra1+ 41. Kh2 Bxe4 42. Nxe4 dxe4 43. Qh6 Ra3 44. Rxe4 Qf8 45. Qxh5 Ne7 46. Rh4
Qg7 47. Rg4 Ng6 48. Qg5 c3 0-1

[Event "NSU Open Mesterklassen 2005"]
[Site "Hillerod"]
[Date "2005.01.08"]
[Round "2"]
[White "Erlandsen, Carsten"]
[Black "Erichsen, Dan"]
[Result "0-1"]
[WhiteElo "2071"]
[BlackElo "2085"]
[PlyCount "122"]
[EventDate "2005.??.??"]

1. d4 d5 2. Nf3 Nf6 3. g3 c5 4. dxc5 Nc6 5. c3 a5 6. Bf4 e6 7. Na3 Bxc5 8. Nb5
O-O 9. Nc7 Ra7 10. Nb5 Ra8 11. Nc7 e5 12. Bxe5 Nxe5 13. Nxa8 Nxf3+ 14. exf3
Re8+ 15. Be2 Bh3 16. Qd3 Bd7 17. O-O Qxa8 18. Kg2 Bc6 19. Rae1 Qa7 20. a3 h6
21. Qd2 d4 22. c4 a4 23. Bd3 Qa8 24. Rxe8+ Qxe8 25. Re1 Qb8 26. Qe2 Kf8 27. h3
Qe8 28. Qd1 Qd8 29. Qe2 Bd6 30. Qd1 Bc7 31. Qe2 Ba5 32. Rd1 Qe7 33. Qc2 Qe5 34.
Rc1 h5 35. Qe2 Qxe2 36. Bxe2 Nd7 37. Kf1 Ne5 38. Rd1 d3 39. Bxd3 Nxf3 40. Be2
Nd2+ 41. Kg1 g6 42. g4 h4 43. g5 Ke7 44. Rc1 Kd6 45. c5+ Ke5 46. Bc4 Kf5 47.
Bxf7 Kxg5 48. Be6 Kf4 49. Bg4 g5 50. Be2 Ke4 51. Kg2 Kd4+ 52. Kg1 Bc7 53. Rc3
Bf4 54. f3 Nb3 55. Rc4+ Kd5 56. Rb4 Nd4 57. Bd1 Bd2 58. Rxa4 Bxa4 59. Bxa4 Kxc5
60. Kg2 Kc4 61. Bd1 Bc1 0-1

[Event "NSU Open Mesterklassen 2005"]
[Site "Hillerod"]
[Date "2005.01.08"]
[Round "2"]
[White "Nilsson, Lars Kjoller"]
[Black "Jacobsen, Hans Endrup"]
[Result "1-0"]
[WhiteElo "2013"]
[BlackElo "1881"]
[PlyCount "93"]
[EventDate "2005.??.??"]

1. e4 d6 2. d4 g6 3. Nc3 Bg7 4. Be3 c6 5. a4 Nd7 6. Bc4 e5 7. Nge2 Qc7 8. f3
Ne7 9. Bb3 O-O 10. Qd2 Rd8 11. O-O Nf6 12. Rad1 exd4 13. Nxd4 d5 14. Qf2 b6 15.
Rd2 a6 16. Nde2 Rb8 17. Bf4 Qb7 18. Bxb8 Qxb8 19. Rfd1 Be6 20. exd5 Nfxd5 21.
Nxd5 cxd5 22. Nd4 Rc8 23. c3 b5 24. axb5 axb5 25. Qe2 Qb6 26. Kh1 Rb8 27. Nxe6
fxe6 28. Re1 Kf7 29. f4 Qd6 30. Rdd1 Rb6 31. Ra1 Nc6 32. Qe3 Rb7 33. Ra6 Bf6
34. Rb6 Rb8 35. g3 Bd8 36. Rxb8 Nxb8 37. Bd1 Bb6 38. Qe5 Qc6 39. Bf3 Nd7 40.
Qe2 Nc5 41. c4 bxc4 42. Qxc4 Qb7 43. Qb5 Ne4 44. Rc1 Qa7 45. Qc6 Be3 46. Qc7+
Kf6 47. Qe5+ 1-0

[Event "NSU Open Mesterklassen 2005"]
[Site "Hillerod"]
[Date "2005.01.08"]
[Round "3"]
[White "Erichsen, Dan"]
[Black "Rhee, Alexander Kasper"]
[Result "1-0"]
[WhiteElo "2085"]
[BlackElo "1892"]
[PlyCount "61"]
[EventDate "2005.??.??"]

1. e4 c5 2. Nf3 d6 3. d4 cxd4 4. Nxd4 Nf6 5. Nc3 a6 6. Be3 e6 7. g4 h5 8. Bg5
Qb6 9. Bxf6 gxf6 10. Nb3 Nc6 11. gxh5 Bd7 12. Qf3 Nd4 13. Nxd4 Qxd4 14. Qd3 Qb4
15. O-O-O Rxh5 16. Qd4 Qa5 17. Qxf6 Rc8 18. Rd3 Rh6 19. Qf3 b5 20. Kb1 b4 21.
Ne2 Bb5 22. Rd1 Bc4 23. Nc1 Bg7 24. Bxc4 Rxc4 25. Rhg1 Be5 26. Rg8+ Ke7 27. Qe3
Qa4 28. Nb3 Rxh2 29. Qa7+ Kf6 30. Rdg1 Rh7 31. R1g6+ 1-0

[Event "NSU Open Mesterklassen 2005"]
[Site "Hillerod"]
[Date "2005.01.08"]
[Round "3"]
[White "Erlandsen, Carsten"]
[Black "Montgomery, Jan ElkjaerFrantsen"]
[Result "1/2-1/2"]
[WhiteElo "2071"]
[BlackElo "2038"]
[PlyCount "100"]
[EventDate "2005.??.??"]

1. d4 d5 2. c4 e6 3. Nf3 Nf6 4. Bg5 Nbd7 5. e3 c6 6. Nc3 Qa5 7. Nd2 Bb4 8. Qc2
dxc4 9. Bxf6 Nxf6 10. Bxc4 c5 11. Nb3 Bxc3+ 12. bxc3 Qa4 13. Qd3 Bd7 14. Nxc5
Qc6 15. O-O O-O 16. Rab1 b6 17. Bb5 Qd6 18. Nxd7 Nxd7 19. Bxd7 Qxd7 20. Qb5
Qxb5 21. Rxb5 Rac8 22. Rc1 Rc4 23. Rb4 Rfc8 24. Rxc4 Rxc4 25. Kf1 Kf8 26. Ke2
b5 27. Kd3 Ra4 28. Rc2 Ke7 29. Rb2 a6 30. e4 Kd6 31. f3 Ra3 32. Kd2 f5 33. exf5
exf5 34. g4 fxg4 35. fxg4 Kd5 36. Kd3 g6 37. h4 Kc6 38. Kd2 Kd5 39. Rc2 b4 40.
c4+ Kxd4 41. c5 b3 42. axb3 Rxb3 43. c6 Rb8 44. Ra2 Rc8 45. Rxa6 Ke4 46. g5 Kd5
47. Kd3 Rxc6 48. Ra7 Ke5 49. Rxh7 Ra6 50. Rh6 Kf5 1/2-1/2

[Event "NSU Open Mesterklassen 2005"]
[Site "Hillerod"]
[Date "2005.01.08"]
[Round "3"]
[White "Jacobsen, Hans Endrup"]
[Black "Larsen, Thomas"]
[Result "1/2-1/2"]
[WhiteElo "1881"]
[BlackElo "1874"]
[PlyCount "86"]
[EventDate "2005.??.??"]

1. e4 e6 2. d4 d5 3. Nd2 c5 4. c3 Nc6 5. exd5 exd5 6. Ndf3 Bd6 7. g3 Nge7 8.
Bg2 O-O 9. Ne2 Re8 10. O-O Qb6 11. dxc5 Bxc5 12. b4 Bd6 13. Be3 Qc7 14. Nfd4
Nxd4 15. Bxd4 Be6 16. Qd2 Rad8 17. f4 Nf5 18. Bf2 a6 19. a4 Be7 20. Nd4 Bf6 21.
Rac1 Nd6 22. Rfe1 Qd7 23. a5 Nc4 24. Qd3 g6 25. Nxe6 fxe6 26. Bh3 Qf7 27. Bd4
e5 28. fxe5 Nxe5 29. Bxe5 Rxe5 30. Rxe5 Bxe5 31. Rf1 Qe7 32. Bg2 d4 33. Qc4+
Kg7 34. Bd5 Bf6 35. cxd4 Qe3+ 36. Kh1 Qxd4 37. Qxd4 Bxd4 38. Rf7+ Kh6 39. Bxb7
Bc3 40. Rf4 Rb8 41. Rc4 Bd2 42. Bxa6 Bxb4 43. g4 Bxa5 1/2-1/2

[Event "NSU Open Mesterklassen 2005"]
[Site "Hillerod"]
[Date "2005.01.08"]
[Round "3"]
[White "Nilsson, Lars Kjoller"]
[Black "Jakobsen, Peter"]
[Result "1/2-1/2"]
[WhiteElo "2013"]
[BlackElo "2167"]
[PlyCount "93"]
[EventDate "2005.??.??"]

1. e4 c5 2. b3 Nc6 3. c4 e5 4. Nc3 g6 5. d3 Bg7 6. Nge2 Nge7 7. g3 d6 8. Be3
Bg4 9. Bg2 Nd4 10. O-O Qd7 11. f3 Bh3 12. Qd2 Bxg2 13. Kxg2 h5 14. h4 a6 15.
Rab1 O-O 16. Na4 Qc6 17. Ng1 b5 18. Nb2 bxc4 19. Nxc4 d5 20. Nb2 f5 21. Bg5 Bf6
22. Rbe1 dxe4 23. dxe4 Rad8 24. Qc1 Ne6 25. Bxf6 Rxf6 26. Nc4 fxe4 27. fxe4
Rxf1 28. Kxf1 Nd4 29. Nxe5 Rf8+ 30. Kg2 Qf6 31. Nd3 Ne6 32. Rf1 Qd4 33. Rxf8+
Kxf8 34. Qf1+ Kg7 35. Qe2 c4 36. bxc4 Qxc4 37. Nf4 Nxf4+ 38. gxf4 Qc1 39. Nh3
Ng8 40. e5 Qc6+ 41. Kh2 Nh6 42. Qb2 Ng4+ 43. Kg3 Qe4 44. Qd2 Ne3 45. Qf2 Nf5+
46. Kh2 Ne3 47. Kg3 1/2-1/2

[Event "NSU Open Mesterklassen 2005"]
[Site "Hillerod"]
[Date "2005.01.08"]
[Round "3"]
[White "Damm, Kasper Wilken"]
[Black "Stockflet, Henrik"]
[Result "1-0"]
[WhiteElo "2233"]
[BlackElo "1892"]
[PlyCount "135"]
[EventDate "2005.??.??"]

1. e4 e5 2. c4 Nf6 3. d3 Bc5 4. Nc3 d6 5. g3 Nc6 6. Bg2 O-O 7. Nge2 Bg4 8. h3
Be6 9. O-O a5 10. Kh2 Nd7 11. g4 Qh4 12. Ng3 Nf6 13. f3 g6 14. Bd2 Nb4 15. Be1
Qg5 16. a3 Nc6 17. Nd5 Bxd5 18. exd5 Nd4 19. Bd2 Qh4 20. f4 h5 21. gxh5 gxh5
22. Bf3 exf4 23. Be1 Nxf3+ 24. Rxf3 Ng4+ 25. Kg2 Ne3+ 26. Rxe3 Bxe3 27. Ne4 Qe7
28. Qxh5 f5 29. Ng5 f3+ 30. Nxf3 Qg7+ 31. Kh1 Rf6 32. Bc3 Rh6 33. Qxf5 Qg3 34.
Nh2 Rf8 35. Qg4+ Qxg4 36. Nxg4 Rxh3+ 37. Kg2 Rhf3 38. Rh1 R3f5 39. Rh8+ Kf7 40.
Rxf8+ Kxf8 41. Nxe3 Rg5+ 42. Kf3 b6 43. d4 Kf7 44. c5 dxc5 45. dxc5 a4 46. cxb6
cxb6 47. Ke4 Rg8 48. Be5 Rc8 49. Kd4 Ke7 50. Nc4 b5 51. Nd6 Rc2 52. Nxb5 Rxb2
53. Bd6+ Kd7 54. Bb4 Rh2 55. Nc3 Rh4+ 56. Kc5 Rh5 57. Nxa4 Kc7 58. Nc3 Kb7 59.
Kb5 Rg5 60. a4 Rh5 61. a5 Rh6 62. Ne4 Rh5 63. a6+ Ka8 64. Nc3 Rg5 65. Bc5 Kb8
66. Kc6 Rg6+ 67. d6 Rh6 68. Nd5 1-0

[Event "NSU Open Mesterklassen 2005"]
[Site "Hillerod"]
[Date "2005.01.09"]
[Round "4"]
[White "Larsen, Thomas"]
[Black "Erlandsen, Carsten"]
[Result "1/2-1/2"]
[WhiteElo "1874"]
[BlackElo "2071"]
[PlyCount "51"]
[EventDate "2005.??.??"]

1. e4 c5 2. Nc3 d6 3. f4 g6 4. Nf3 Bg7 5. d4 cxd4 6. Nxd4 Nc6 7. Nb3 Nf6 8. Be2
O-O 9. Be3 a6 10. O-O b5 11. Bf3 Bb7 12. e5 dxe5 13. fxe5 Nd7 14. e6 fxe6 15.
Bg4 Rxf1+ 16. Qxf1 Nde5 17. Bxe6+ Kh8 18. Nc5 Bc8 19. Rd1 Qf8 20. Qxf8+ Bxf8
21. Nd5 Bxe6 22. Nxe6 Nc4 23. Nxf8 Rxf8 24. Bc1 Rd8 25. b3 Nb6 26. Ne3 1/2-1/2

[Event "NSU Open Mesterklassen 2005"]
[Site "Hillerod"]
[Date "2005.01.09"]
[Round "4"]
[White "Montgomery, Jan ElkjaerFrantsen"]
[Black "Stockflet, Henrik"]
[Result "1/2-1/2"]
[WhiteElo "2038"]
[BlackElo "1892"]
[PlyCount "77"]
[EventDate "2005.??.??"]

1. e4 e5 2. Nf3 d6 3. d4 exd4 4. Nxd4 g6 5. Nc3 Bg7 6. Be3 Nf6 7. Qd2 O-O 8.
O-O-O Re8 9. f3 Nc6 10. Bc4 a6 11. h4 Nxd4 12. Bxd4 b5 13. Bb3 Be6 14. Nd5 Bxd5
15. Bxd5 Nxd5 16. Bxg7 Kxg7 17. Qxd5 Re5 18. Qd2 h5 19. Qc3 Kg8 20. Rd4 Qe7 21.
Qd3 Re8 22. Rd5 Qe6 23. Rd1 Rxd5 24. Qxd5 Qxd5 25. Rxd5 Kg7 26. Kd2 Kf6 27. c4
bxc4 28. Kc3 Rb8 29. f4 Rb5 30. Rd4 Rc5 31. Rxc4 Rxc4+ 32. Kxc4 Ke6 33. a4 c6
34. b4 f6 35. Kd4 Kd7 36. Ke3 Ke6 37. Kd4 Kd7 38. Ke3 Ke6 39. Kd4 1/2-1/2

[Event "NSU Open Mesterklassen 2005"]
[Site "Hillerod"]
[Date "2005.01.09"]
[Round "4"]
[White "Rhee, Alexander Kasper"]
[Black "Jacobsen, Hans Endrup"]
[Result "1-0"]
[WhiteElo "1892"]
[BlackElo "1881"]
[PlyCount "103"]
[EventDate "2005.??.??"]

1. e4 e6 2. d4 d5 3. Nc3 Nf6 4. Bg5 Be7 5. e5 Nfd7 6. Bxe7 Qxe7 7. f4 a6 8. a3
c5 9. Nf3 Nc6 10. Qd2 b5 11. dxc5 Qxc5 12. b4 Qa7 13. Qf2 Nb6 14. Bd3 Nc4 15.
Bxc4 bxc4 16. Na4 Qxf2+ 17. Kxf2 Ke7 18. Rhd1 Na7 19. Nd4 Bd7 20. Nc5 Nb5 21.
Ne2 Rhg8 22. h3 g5 23. a4 Nc7 24. g3 h6 25. c3 Rgf8 26. Rd4 f6 27. exf6+ Rxf6
28. Rad1 Be8 29. Ke3 Bg6 30. Ng1 gxf4+ 31. Rxf4 Rxf4 32. gxf4 Bh5 33. Rd2 Rg8
34. Kf2 Kf6 35. Ne2 Bxe2 36. Rxe2 Rd8 37. Ke3 d4+ 38. cxd4 Nd5+ 39. Kd2 c3+ 40.
Kc2 Nxb4+ 41. Kxc3 Nd5+ 42. Kc4 Re8 43. Ne4+ Ke7 44. f5 Rc8+ 45. Nc5 Nf4 46.
Re4 Nxh3 47. Rxe6+ Kf7 48. Rxh6 Nf2 49. Rxa6 Ne4 50. Kd5 Nf6+ 51. Ke5 Re8+ 52.
Re6 1-0

[Event "NSU Open Mesterklassen 2005"]
[Site "Hillerod"]
[Date "2005.01.09"]
[Round "4"]
[White "Erichsen, Dan"]
[Black "Jakobsen, Peter"]
[Result "0-1"]
[WhiteElo "2085"]
[BlackElo "2167"]
[PlyCount "118"]
[EventDate "2005.??.??"]

1. e4 c5 2. Nf3 d6 3. d4 cxd4 4. Nxd4 Nf6 5. Nc3 g6 6. Be3 Bg7 7. f3 O-O 8. Bc4
Nc6 9. Qd2 Bd7 10. O-O-O Qa5 11. Kb1 Rfc8 12. Bb3 Ne5 13. Bg5 Rc5 14. Bxf6 Bxf6
15. Nd5 Qxd2 16. Nxf6+ Kg7 17. Nh5+ Kh6 18. Rxd2 Kxh5 19. f4 Nc4 20. Rd3 Rac8
21. c3 b5 22. Re1 Kh6 23. Bc2 a5 24. a3 Rb8 25. Nb3 Rc7 26. e5 dxe5 27. fxe5
Bf5 28. Rg3 Bxc2+ 29. Kxc2 Rd8 30. Re4 Rd5 31. Nd4 e6 32. Nf3 Kg7 33. b3 Nb6
34. Nd4 a4 35. Rge3 Rdc5 36. Ne2 axb3+ 37. Kxb3 Nc4 38. Rd3 Nxe5 39. Rd8 Nc4
40. Kb4 Nb6 41. Kb3 Nd5 42. Rb4 Nxc3 43. Nd4 e5 44. Nf3 Nd5 45. Re4 f6 46. Re2
Rc3+ 47. Kb2 Nb6 48. Ne1 Na4+ 49. Ka2 Nc5 50. Kb2 Ne6 51. Rd7+ Rxd7 52. Kxc3
Nd4 53. Re3 Rc7+ 54. Kb4 Kf7 55. Ka5 Ke6 56. Nd3 Nc2 57. Nf4+ Kf7 58. Nd5 Ra7+
59. Kb6 Nxe3 0-1

[Event "NSU Open Mesterklassen 2005"]
[Site "Hillerod"]
[Date "2005.01.09"]
[Round "4"]
[White "Damm, Kasper Wilken"]
[Black "Nilsson, Lars Kjoller"]
[Result "1-0"]
[WhiteElo "2233"]
[BlackElo "2013"]
[PlyCount "141"]
[EventDate "2005.??.??"]

1. e4 c5 2. Nf3 d6 3. d4 cxd4 4. Nxd4 Nf6 5. Nc3 e6 6. Bd3 Nc6 7. Nde2 Be7 8.
O-O O-O 9. f3 d5 10. exd5 Nxd5 11. Nxd5 Qxd5 12. Be4 Qc5+ 13. Kh1 Rd8 14. Qe1
e5 15. Ng3 Bh4 16. Be3 Qb5 17. Qb1 g6 18. Bf2 Be6 19. b3 Bg5 20. Bd3 Qa5 21.
Ne4 Be7 22. a3 Nd4 23. Be1 Qc7 24. Nd2 Rac8 25. Nc4 Nf5 26. Bc3 Bxc4 27. bxc4
Ne3 28. Re1 Nxc4 29. Bxc4 Qxc4 30. Bxe5 b5 31. c3 Bg5 32. Re4 Qd3 33. Qg1 Rd7
34. Rd4 Rxd4 35. Bxd4 a6 36. a4 Bh6 37. axb5 Qxb5 38. h3 a5 39. Qd1 Bg7 40. Qa4
Qxa4 41. Rxa4 Bxd4 42. cxd4 Rd8 43. Kg1 Kg7 44. Kf2 Kf6 45. Ke3 Rd5 46. Kd3 Ke6
47. Kc4 h5 48. g4 Kd6 49. Ra3 hxg4 50. fxg4 f5 51. Rb3 Kc6 52. gxf5 Rxf5 53.
Re3 Kd6 54. h4 g5 55. h5 g4 56. h6 Rh5 57. Re5 Rxh6 58. Rxa5 Rh1 59. Ra6+ Kd7
60. Rg6 Rg1 61. Kc5 g3 62. Rg7+ Ke6 63. d5+ Kf6 64. Rg8 g2 65. Kd6 Kf7 66. Rg3
Kf6 67. Rf3+ Kg6 68. Rf2 Kg7 69. Rc2 Kf6 70. Kc6 Ra1 71. Rxg2 1-0

[Event "NSU Open Mesterklassen 2005"]
[Site "Hillerod"]
[Date "2005.01.09"]
[Round "5"]
[White "Erichsen, Dan"]
[Black "Nilsson, Lars Kjoller"]
[Result "1-0"]
[WhiteElo "2085"]
[BlackElo "2013"]
[PlyCount "61"]
[EventDate "2005.??.??"]

1. e4 c5 2. Nf3 d6 3. d4 cxd4 4. Nxd4 Nf6 5. Nc3 e6 6. g4 e5 7. Bb5+ Bd7 8.
Bxd7+ Qxd7 9. Nf5 h5 10. gxh5 Nxe4 11. Nxe4 Qxf5 12. Qd5 Nc6 13. Be3 Rxh5 14.
Ng3 Qg4 15. Nxh5 Qxh5 16. Qd1 Qg6 17. Qe2 d5 18. O-O-O O-O-O 19. Rhg1 Qe6 20.
Qg4 Qxg4 21. Rxg4 f5 22. Rg6 f4 23. Bd2 Nd4 24. Ba5 Rd7 25. Bc3 Nf3 26. Re6 d4
27. Rd3 Nxh2 28. Rxe5 Ng4 29. Re8+ Kc7 30. Rxf8 dxc3 31. Rxc3+ 1-0

[Event "NSU Open Mesterklassen 2005"]
[Site "Hillerod"]
[Date "2005.01.09"]
[Round "5"]
[White "Jakobsen, Peter"]
[Black "Damm, Kasper Wilken"]
[Result "1-0"]
[WhiteElo "2167"]
[BlackElo "2233"]
[PlyCount "77"]
[EventDate "2005.??.??"]

1. c4 g6 2. g3 Bg7 3. Bg2 e5 4. Nc3 d6 5. e4 c6 6. Nge2 Be6 7. d3 f5 8. exf5
gxf5 9. O-O Nf6 10. b3 O-O 11. d4 Qc7 12. c5 Rd8 13. cxd6 Rxd6 14. Qc2 Rd8 15.
dxe5 Qxe5 16. Bf4 Qa5 17. a3 Nh5 18. Bg5 Re8 19. Bf3 Bf7 20. b4 Qe5 21. Be3 f4
22. Bd4 Qg5 23. Ne4 Qh6 24. Bxg7 Nxg7 25. Nxf4 Nd7 26. Bg2 Ne5 27. Rad1 Ne6 28.
Nxe6 Bxe6 29. Qd2 Qxd2 30. Rxd2 Kg7 31. Nc5 Bc4 32. Rc1 Bd5 33. Bxd5 cxd5 34.
Rxd5 Re7 35. Nxb7 Nf3+ 36. Kg2 Rf8 37. Nd6 Nd4 38. Rxd4 Re2 39. Rf4 1-0

[Event "NSU Open Mesterklassen 2005"]
[Site "Hillerod"]
[Date "2005.01.09"]
[Round "5"]
[White "Jacobsen, Hans Endrup"]
[Black "Montgomery, Jan ElkjaerFrantsen"]
[Result "1-0"]
[WhiteElo "1881"]
[BlackElo "2038"]
[PlyCount "67"]
[EventDate "2005.??.??"]

1. e4 c5 2. Nc3 d6 3. f4 g6 4. Nf3 Bg7 5. Bb5+ Bd7 6. Bxd7+ Qxd7 7. d3 Nc6 8.
O-O Nf6 9. Ne2 O-O 10. c3 e5 11. Ng3 b5 12. h3 a5 13. Be3 exf4 14. Bxf4 Rfe8
15. Qd2 Ne5 16. Rae1 Qe6 17. d4 Nxf3+ 18. Rxf3 Qxa2 19. Bxd6 cxd4 20. cxd4 Rad8
21. e5 Nd7 22. Qf2 f5 23. Ra3 Qd5 24. Rxa5 Nf8 25. Ne2 Ne6 26. Rd1 Qb3 27. Nc3
b4 28. Rb5 Rxd6 29. exd6 Qc4 30. Qe2 Bxd4+ 31. Kh1 Qc6 32. Rxb4 Kg7 33. Qd3 Be5
34. Qd5 1-0

[Event "NSU Open Mesterklassen 2005"]
[Site "Hillerod"]
[Date "2005.01.09"]
[Round "5"]
[White "Erlandsen, Carsten"]
[Black "Stockflet, Henrik"]
[Result "1-0"]
[WhiteElo "2071"]
[BlackElo "1892"]
[PlyCount "51"]
[EventDate "2005.??.??"]

1. d4 f5 2. c4 Nf6 3. g3 g6 4. Bg2 Bg7 5. Nf3 d6 6. O-O O-O 7. Nc3 c6 8. Rb1 a5
9. b3 Na6 10. a3 Ne4 11. Bb2 e6 12. Qc2 Nxc3 13. Bxc3 Qc7 14. Qd2 b6 15. Rfd1
Bb7 16. Ng5 Rfe8 17. e4 Re7 18. Rbc1 Rae8 19. d5 exd5 20. Bxg7 Rxg7 21. cxd5
Nc5 22. dxc6 Bxc6 23. b4 Nb3 24. Qa2 a4 25. exf5 Qe7 26. Bxc6 1-0

[Event "NSU Open Mesterklassen 2005"]
[Site "Hillerod"]
[Date "2005.01.09"]
[Round "5"]
[White "Rhee, Alexander Kasper"]
[Black "Larsen, Thomas"]
[Result "1/2-1/2"]
[WhiteElo "1892"]
[BlackElo "1874"]
[PlyCount "64"]
[EventDate "2005.??.??"]

1. e4 e6 2. Nf3 d5 3. e5 Nd7 4. d4 c5 5. c3 Ne7 6. Bd3 Nc6 7. a3 Qb6 8. Bc2 Be7
9. O-O f6 10. dxc5 Bxc5 11. b4 Be7 12. Be3 Qc7 13. exf6 Nxf6 14. Bd4 e5 15. b5
Nxd4 16. cxd4 e4 17. Ne5 Bd6 18. b6 axb6 19. Ba4+ Rxa4 20. Qxa4+ Bd7 21. Nxd7
Nxd7 22. Nc3 O-O 23. Nxd5 Bxh2+ 24. Kh1 Qd6 25. Ne7+ Kh8 26. g3 Qxe7 27. Kxh2
Rf5 28. Rac1 Qf7 29. Rc8+ Nf8 30. Qe8 Rxf2+ 31. Rxf2 Qxf2+ 32. Kh1 Qf1+ 1/2-1/2